Vida y cultura en la edad media / trad. por wenceslao roces
Guardado en:
| Autor Principal: | |
|---|---|
| Otros Autores: | |
| Formato: | Libro |
| Publicado: |
México :
Fondo de Cultura Económica,
1996
|
| Materias: | |
| Etiquetas: |
Agregar Etiqueta
Sin Etiquetas, Sea el primero en etiquetar este registro!
|
| LEADER | 00617nam a22001935a 4500 | ||
|---|---|---|---|
| 001 | EHU.bham044404 | ||
| 003 | AR-BHAM | ||
| 005 | 20161114140701.0 | ||
| 008 | 130507s1996##################000#0#####d | ||
| 020 | |a 9681612175 | ||
| 082 | 3 | 0 | |a 306.94 |
| 100 | 1 | |a Bühler, Johannes | |
| 245 | 1 | 0 | |a Vida y cultura en la edad media / |b trad. por wenceslao roces |c Johannes Bühler : |
| 260 | |a México : |b Fondo de Cultura Económica, |c 1996 | ||
| 300 | |a 290 p. | ||
| 653 | |a Edad media-cultura | ||
| 653 | |a Edad media-vida en la | ||
| 700 | 1 | |a Roces, Wenceslao, trad. | |
| 859 | |a AR-BHAM |b BIB. HUMANIDADES - General |h 306.94 |i B867 |p 668.16 |t Ej.1 | ||
